Human rights reader: major political essays, speeches, and documents from ancient times to the present (Record no. 407704)

000 -LEADER
fixed length control field 00455cam a22001337a 4500
008 - FIXED-LENGTH DATA ELEMENTS--GENERAL INFORMATION
fixed length control field 180718b2007 xxu||||| |||| 00| 0 eng d
020 ## - INTERNATIONAL STANDARD BOOK NUMBER
International Standard Book Number 0415951593
082 ## - DEWEY DECIMAL CLASSIFICATION NUMBER
Classification number C41 Is3
245 ## - TITLE STATEMENT
Title Human rights reader: major political essays, speeches, and documents from ancient times to the present
Statement of responsibility, etc. edited by Micheline R. Ishay
260 ## - PUBLICATION, DISTRIBUTION, ETC.
Place of publication, distribution, etc. New York
Name of publisher, distributor, etc. Routledge
Date of publication, distribution, etc. 2007
300 ## - PHYSICAL DESCRIPTION
Extent 559p.
650 ## - SUBJECT ADDED ENTRY--TOPICAL TERM
Topical term or geographic name entry element Human rights --History --Sources
700 ## - ADDED ENTRY--PERSONAL NAME
Personal name Ishay, Micheline
Holdings
Withdrawn status Lost status Damaged status Not for loan Permanent Location Current Location Date acquired Full call number Barcode Date last seen Price effective from Koha item type
        Indian Institute of Public Administration Indian Institute of Public Administration 2008-09-08 C41 Is3 82635 2018-07-21 2018-07-21 Book

Powered by Koha